000 01628nam a2200277Ia 4500
001 ebr10038751
003 CaPaEBR
006 m u
007 cr cn|||||||||
008 001218s2000 dcua sb 100 0 eng d
020 _z0309071887
040 _aCaPaEBR
_cCaPaEBR
035 _a(OCoLC)70745435
050 1 4 _aTP248.27.M37
_bO77 2000eb
245 0 0 _aOpportunities for environmental applications of marine biotechnology
_h[electronic resource] :
_bproceedings of the October 5-6, 1999, workshop /
_cBoard on Biology, Oceans Studies Board, National Research Council.
260 _aWashington, D.C. :
_bNational Academy Press,
_c2000.
300 _ax, 176 p. :
_bill.
500 _a"These proceedings were supported by the Electric Power Researh Institute through contract number RP8011-21; the Department of Energy through grant number DE-FG02-93-ER61703; the National Science Foundation through grant number IN-9211798; the National Oceanic and Atmospheric Administration, U.S. Department of Commerce through grant number NA36RG0536; the President's Committee, National Research Council"--T.p. verso.
504 _aIncludes bibliographical references.
533 _aElectronic reproduction.
_bPalo Alto, Calif. :
_cebrary,
_d2005.
_nAvailable via World Wide Web.
_nAccess may be limited to ebrary affiliated libraries.
650 0 _aMarine biotechnology
_vCongresses.
650 0 _aAlgal blooms
_vCongresses.
655 7 _aElectronic books.
_2local
710 2 _aebrary, Inc.
856 4 0 _uhttp://site.ebrary.com/lib/rucke/Doc?id=10038751
_zAn electronic book accessible through the World Wide Web; click to view
999 _c162989
_d162989